<?xml version="1.0" encoding="UTF-8"?>
<marc:record xmlns:marc="http://www.loc.gov/MARC21/slim">
   <marc:leader>00000nam a2200000 a 4500</marc:leader>
   <marc:datafield ind1="1" ind2=" " tag="100">
      <marc:subfield code="a">Rossbacher, Claudia</marc:subfield>
      <marc:subfield code="4">aut</marc:subfield>
      <marc:subfield code="e">Verfasser/-in</marc:subfield>
   </marc:datafield>
   <marc:datafield ind1="0" ind2="0" tag="245">
      <marc:subfield code="a">Steirerstern</marc:subfield>
   </marc:datafield>
   <marc:datafield ind1=" " ind2="1" tag="264">
      <marc:subfield code="b">Gmeiner Verlag</marc:subfield>
      <marc:subfield code="c">2020</marc:subfield>
   </marc:datafield>
   <marc:datafield ind1="1" ind2=" " tag="490">
      <marc:subfield code="a">Sandra Mohr</marc:subfield>
   </marc:datafield>
   <marc:datafield ind1="1" ind2=" " tag="520">
      <marc:subfield code="a">Licht und Schatten
In ihrem zehnten Fall werden die LKA-Ermittler Sandra Mohr und Sascha Bergmann ins Murtal gerufen, um den tödlichen Treppensturz eines Bassisten zu klären. Ist Luigi bei einem bedauerlichen Unfall ums Leben gekommen? War es Mord oder Totschlag? Die junge Sängerin, in deren Band er spielte, gerät im Fokus der Medien unter Tatverdacht und wird schließlich vermisst. Hat Jessica Wind ihren Freund im Streit getötet und ist nach dem "Volx Open Air" in Spielberg untergetaucht? Oder wurde sie Opfer eines Verbrechens? Neider und Feinde gibt es genug. Und einen besessenen Fan, der sie stalkt.</marc:subfield>
   </marc:datafield>
   <marc:datafield ind1=" " ind2=" " tag="020">
      <marc:subfield code="a">9783839225936</marc:subfield>
      <marc:subfield code="9">9783839225936</marc:subfield>
   </marc:datafield>
</marc:record>
